The Complete idiot's guide : (Record no. 122897)

MARC details
000 -LEADER
fixed length control field 00765nam a22002417a 4500
005 - DATE AND TIME OF LATEST TRANSACTION
control field 20170124105917.0
010 ## - LIBRARY OF CONGRESS CONTROL NUMBER
LC control number A-939177
020 ## - INTERNATIONAL STANDARD BOOK NUMBER
Terms of availability 150.00
International Standard Book Number 812031297
035 ## - SYSTEM CONTROL NUMBER
System control number A-939177
037 ## - SOURCE OF ACQUISITION
Source of stock number/acquisition Cen Lib/Ret
040 ## - CATALOGING SOURCE
Original cataloging agency DPL
Language of cataloging EN
082 ## - DEWEY DECIMAL CLASSIFICATION NUMBER
Classification number 005.369
Item number KRA
100 ## - MAIN ENTRY--PERSONAL NAME
Personal name Krayank, Joe
9 (RLIN) 2955
245 ## - TITLE STATEMENT
Title The Complete idiot's guide :
Statement of responsibility, etc by Joe Krayank [and] Sherry Kinkoph
Remainder of title microsoft office 97 professional /
260 ## - PUBLICATION, DISTRIBUTION, ETC. (IMPRINT)
Place of publication, distribution, etc New Delhi
Name of publisher, distributor, etc Printice-Hall of India
Date of publication, distribution, etc 1998
270 ## - ADDRESS
Address M-97,Cannaught Place
City New Delhi
Postal code 110001
300 ## - PHYSICAL DESCRIPTION
Extent 421p.
Dimensions 24cm(pbk)
500 ## - GENERAL NOTE
General note Includes index
650 ## - SUBJECT ADDED ENTRY--TOPICAL TERM
Topical term or geographic name as entry element Computer Science
9 (RLIN) 140195
650 ## - SUBJECT ADDED ENTRY--TOPICAL TERM
Topical term or geographic name as entry element Basic Knowledge-Computer
9 (RLIN) 2957
700 ## - ADDED ENTRY--PERSONAL NAME
Personal name Kinkoph, Sherry
9 (RLIN) 2960
942 ## - ADDED ENTRY ELEMENTS (KOHA)
Source of classification or shelving scheme Dewey Decimal Classification
Koha item type English Books
Classification part 005.369
Call number suffix KRA
Holdings
Withdrawn status Lost status Damaged status Not for loan Collection code Home library Current library Date acquired Source of acquisition Cost, normal purchase price Total Checkouts Full call number Barcode Date last seen Copy number Cost, replacement price Price effective from Koha item type
      Not For Loan Reference Central Library Central Library 30/05/2015 Cen Lib/Ret 150.00   005.369 KRA A-939177 30/05/2015 1 150.00 30/05/2015 English Books

© Delhi Public Library
Hit Counter
free hit counter